Catálogo

El significado de la Segunda Guerra Mundial / (Registro nro. 28109)

Detalles MARC
000 -LEADER
fixed length control field 01361cam a2200337 i 4500
001 - CONTROL NUMBER
control field 28109
003 - CONTROL NUMBER IDENTIFIER
control field Mx-PuUPA
005 - DATE AND TIME OF LATEST TRANSACTION
control field 20251006095122.0
008 - FIXED-LENGTH DATA ELEMENTS--GENERAL INFORMATION
fixed length control field 140415s1991 mx gr 000 0 spa d
040 ## - CATALOGING SOURCE
Transcribing agency Mx-PuUPA
Original cataloging agency Mx-PuUPA
Language of cataloging spa
Modifying agency Mx-PuUPA
Description conventions rda
041 1# - LANGUAGE CODE
Language code of text/sound track or separate title spa
Language code of original eng
100 1# - MAIN ENTRY--PERSONAL NAME
Personal name Mandel, Ernest,
Dates associated with a name 1923-1995
9 (RLIN) 17468
Relator term autor
240 14 - UNIFORM TITLE
Uniform title The meaning of the Second World War.
Language of a work Español
245 13 - TITLE STATEMENT
Title El significado de la Segunda Guerra Mundial /
Statement of responsibility, etc. Ernest Mandel ; traducciones, Berenice López García, Mechthild Rutsch
250 ## - EDITION STATEMENT
Edition statement Primera edición
264 #2 - PRODUCTION, PUBLICATION, DISTRIBUTION, MANUFACTURE, AND COPYRIGHT NOTICE
Place of production, publication, distribution, manufacture México, D.F. :
Name of producer, publisher, distributor, manufacturer Distribuciones Fontamara,
Date of production, publication, distribution, manufacture, or copyright notice 1991
300 ## - PHYSICAL DESCRIPTION
Extent 247 páginas ;
Dimensions 21 cm
336 ## - CONTENT TYPE
Fuente rdacontent
Content type term texto
Content type code txt
337 ## - MEDIA TYPE
Source rdamedia
Media type term sin medio
Media type code n
338 ## - CARRIER TYPE
Source rdacarrier
Carrier type term volumen
Carrier type code nc
490 0# - SERIES STATEMENT
Series statement Colección Fontamara ;
Volume/sequential designation 119
650 #7 - SUBJECT ADDED ENTRY--TOPICAL TERM
Source of heading or term armarc
Topical term or geographic name entry element Guerra Mundial,
Chronological subdivision 1939-1945
General subdivision Aspectos morales y éticos
650 #7 - SUBJECT ADDED ENTRY--TOPICAL TERM
Source of heading or term armarc
Topical term or geographic name entry element Guerra Mundial,
Chronological subdivision 1939-1945
General subdivision Influencias y resultados
700 1# - ADDED ENTRY--PERSONAL NAME
Personal name López García, Berenice,
Relator term traductor
700 1# - ADDED ENTRY--PERSONAL NAME
Personal name Rutsch, Mechthild,
Relator term traductor
765 0# - ORIGINAL LANGUAGE ENTRY
Main entry heading Mandel, Ernest, 1923-1995
Place, publisher, and date of publication Londres: Verso, ©1986
Title The meaning of the Second World War.
942 ## - ADDED ENTRY ELEMENTS (KOHA)
Source of classification or shelving scheme Dewey Decimal Classification
Koha item type Libro
Classification part 940.53
Item part M2618
Existencias
Withdrawn status Lost status Source of classification or shelving scheme Damaged status Not for loan Collection code Home library Current library Shelving location Date acquired Source of acquisition Total Checkouts Full call number Barcode Date last seen Date last checked out Price effective from Koha item type
    Dewey Decimal Classification     General Biblioteca Karol Wojtyla Biblioteca Karol Wojtyla Sala general 03/12/2013 Donación   940.53 M2618 1991 49196 05/01/2026 01/06/2016 03/12/2013 Libro